000
00335nam a2200133 a 4500
005
20140414131845.0
008
100524s19uu xx 00 eng d
050
_a
M 220.9
_b
J67 1999
245
_a
Joseph and the coat of many colours.
260
_c
1999.
650
_a
Joseph
_x
biblical character
999
_c
109896
_d
109896